ARRUPE JESUIT UNIVERSITY

CORONAVIRUS -STOP THE SPREAD - CLEAN,DISINFECT,COVER

The Biblical Commission's document "The interpretation of the Bible in the Church" : (Record no. 118314)

MARC details
000 -LEADER
fixed length control field 01375cam a2200349 a 4500
001 - CONTROL NUMBER
control field 4418700
003 - CONTROL NUMBER IDENTIFIER
control field ARRUPE
005 - DATE AND TIME OF LATEST TRANSACTION
control field 20131010140548.0
008 - FIXED-LENGTH DATA ELEMENTS--GENERAL INFORMATION
fixed length control field 950530s1995 it b 001 0 eng d
020 ## - INTERNATIONAL STANDARD BOOK NUMBER
International Standard Book Number 8876536051
035 ## - SYSTEM CONTROL NUMBER
System control number (OCoLC)41932370
035 ## - SYSTEM CONTROL NUMBER
System control number (OCoLC)ocm41932370
035 ## - SYSTEM CONTROL NUMBER
System control number (NNC)4418700
040 ## - CATALOGING SOURCE
Original cataloging agency CtY-D
Transcribing agency CtY-D
Modifying agency NNUT
050 ## - LIBRARY OF CONGRESS CALL NUMBER
Classification number BS587
Item number .F557 1995
300 ## - PHYSICAL DESCRIPTION
Dimensions 24 cm.
100 1# - MAIN ENTRY--PERSONAL NAME
Personal name Fitzmyer, Joseph A.
9 (RLIN) 2397
245 14 - TITLE STATEMENT
Title The Biblical Commission's document "The interpretation of the Bible in the Church" :
Remainder of title text and commentary /
Statement of responsibility, etc Joseph A. Fitzmyer.
246 30 - VARYING FORM OF TITLE
Title proper/short title Interpretation of the Bible in the Church
260 ## - PUBLICATION, DISTRIBUTION, ETC. (IMPRINT)
Place of publication, distribution, etc Roma :
Name of publisher, distributor, etc Editrice Pontificio Istituto Biblico,
Date of publication, distribution, etc 1995.
300 ## - PHYSICAL DESCRIPTION
Extent xv, 212 p. ;
490 1# - SERIES STATEMENT
Series statement Subsidia Biblica ;
Volume number/sequential designation 18
500 ## - GENERAL NOTE
General note "The text of the document of the Pontifical Biblical Commission ... is reprinted with permission of the Libreria Editrice Vaticana."--T.p. verso.
504 ## - BIBLIOGRAPHY, ETC. NOTE
Bibliography, etc Includes bibliographical references and indexes.
610 20 - SUBJECT ADDED ENTRY--CORPORATE NAME
Corporate name or jurisdiction name as entry element Catholic Church.
Subordinate unit Pontificia Commissio Biblica.
9 (RLIN) 2398
630 00 - SUBJECT ADDED ENTRY--UNIFORM TITLE
Uniform title Bible
General subdivision Study and teaching
-- Catholic Church.
9 (RLIN) 2399
630 00 - SUBJECT ADDED ENTRY--UNIFORM TITLE
Uniform title Bible
General subdivision Criticism, interpretation, etc.
9 (RLIN) 2400
630 00 - SUBJECT ADDED ENTRY--UNIFORM TITLE
Uniform title Bible
General subdivision Hermeneutics.
9 (RLIN) 2401
710 2# - ADDED ENTRY--CORPORATE NAME
Corporate name or jurisdiction name as entry element Libreria editrice vaticana.
9 (RLIN) 2402
830 #0 - SERIES ADDED ENTRY--UNIFORM TITLE
Uniform title Subsidia Biblica ;
Volume number/sequential designation 18.
9 (RLIN) 2403
942 ## - ADDED ENTRY ELEMENTS (KOHA)
Source of classification or shelving scheme Library of Congress Classification
Koha item type Monograph ( Printed materials)
Holdings
Withdrawn status Lost status Source of classification or shelving scheme Damaged status Not for loan Home library Current library Shelving location Date acquired Total Checkouts Full call number Barcode Date last seen Date checked out Price effective from Koha item type
    Library of Congress Classification     ARRUPE LIBRARY ARRUPE LIBRARY Main Collection 10/10/2013 2 BS587 .F557 1995 46410943 08/01/2018 21/12/2017 10/10/2013 Monograph ( Printed materials)

 

Arrupe Library. PO Box MP320 Mt Pleasant, Harare, Zimbabwe
263 242 745411|librarian@aju.ac.zw